Remembering America : (Record no. 4253)

000 -LEADER
fixed length control field nam a22 7a 4500
005 - DATE AND TIME OF LATEST TRANSACTION
control field 20170525164653.0
008 - FIXED-LENGTH DATA ELEMENTS--GENERAL INFORMATION
fixed length control field 170525b1988 mau||||| |||| 00| 0 eng d
020 ## - INTERNATIONAL STANDARD BOOK NUMBER
International Standard Book Number 0316320242
040 ## - CATALOGING SOURCE
Original cataloging agency AKMAL
082 ## - DEWEY DECIMAL CLASSIFICATION NUMBER
Classification number 973.92 HAR
090 ## - LOCALLY ASSIGNED LC-TYPE CALL NUMBER (OCLC); LOCAL CALL NUMBER (RLIN)
Classification number (OCLC) (R) ; Classification number, CALL (RLIN) (NR) 973.92
Local cutter number (OCLC) ; Book number/undivided call number, CALL (RLIN) HAR
100 1# - MAIN ENTRY--PERSONAL NAME
Personal name Goodwin, Richard N.
9 (RLIN) 8318
245 10 - TITLE STATEMENT
Title Remembering America :
Remainder of title a voice from the sixties /
Statement of responsibility, etc. Richard N. Goodwin.
250 ## - EDITION STATEMENT
Edition statement 1st ed.
260 ## - PUBLICATION, DISTRIBUTION, ETC.
Place of publication, distribution, etc. Boston :
Name of publisher, distributor, etc. Little, Brown,
Date of publication, distribution, etc. c1988
300 ## - PHYSICAL DESCRIPTION
Extent viii, 552 p. :
Dimensions 24 cm
500 ## - GENERAL NOTE
General note Includes index.
600 10 - SUBJECT ADDED ENTRY--PERSONAL NAME
Personal name Kennedy, John F.
Dates associated with a name 1917-1963.
Fuller form of name (John Fitzgerald),
9 (RLIN) 8319
600 10 - SUBJECT ADDED ENTRY--PERSONAL NAME
Personal name Johnson, Lyndon B.
Dates associated with a name 1908-1973.
Fuller form of name (Lyndon Baines),
9 (RLIN) 8320
600 10 - SUBJECT ADDED ENTRY--PERSONAL NAME
Personal name Goodwin, Richard N.
9 (RLIN) 8318
651 #0 - SUBJECT ADDED ENTRY--GEOGRAPHIC NAME
Geographic name United States
General subdivision Politics and government
Chronological subdivision 1961-1963
9 (RLIN) 8321
651 #0 - SUBJECT ADDED ENTRY--GEOGRAPHIC NAME
Geographic name United States
General subdivision Politics and government
Chronological subdivision 1963-1969.
9 (RLIN) 8322
942 ## - ADDED ENTRY ELEMENTS (KOHA)
Source of classification or shelving scheme
Koha item type Book
Holdings
Withdrawn status Lost status Source of classification or shelving scheme Damaged status Not for loan Collection code Home library Current library Shelving location Date acquired Inventory number Total Checkouts Full call number Barcode Date last seen Price effective from Koha item type
          NON-FICTION AKMAL Melaka AKMAL Melaka PINJAMAN 25.05.2017 900167   973.92 HAR 201705420 25.05.2017 25.05.2017 Book
Pusat Sumber Maklumat Dato' Haji Sarmin Md Hussin, Akademi Kastam Diraja Malaysia, Melaka
Tel: 06-2331106 | Faks: 06-2313787